Koncepce a metodika rozvoje obchodní sítě

Gespeichert in:
Bibliographische Detailangaben
Format: Buch
Sprache:Tschechisch
Veröffentlicht: Praha Výzkumný ústav obchodu 1990
Schriftenreihe:Knižnice VÚO 246
Tags: Tag hinzufügen
Keine Tags, Fügen Sie das erste Tag hinzu!

MARC

LEADER 00000nam a2200000 4500
001 c036132
005 20251110132230.6
041 0 |a cze 
044 |a CZ 
245 1 0 |a Koncepce a metodika rozvoje obchodní sítě 
264 1 |a Praha  |b Výzkumný ústav obchodu  |c 1990 
300 |a 71 s. 
490 1 |a Knižnice VÚO  |v 246 
830 0 |a Knižnice VÚO  |v 246